00678nam a2200217Ia 4500001000700000008004100007020001800048035001600066041001000082084001300092100002700105245014400132260004300276300002200319650001200341650001400353650001500367650002400382650001600406700003800422018729221003s1999 xx 000 0 spa d a84-88269-44-7 aCENDO_12019 aspab aCD-04545 aFRANCO ANDIA, Patricia 0aDar la media vuelta :bun método de valoración de casos de malos tratos /cPatricia Franco Andía y María Jesús Lapeña Jiménez aZaragoza :bLibros Certeza,cD.L. 1999 a149 p. ;c 21 cm aMUJERES 0aVIOLENCIA aPREVENCION aASPECTO SOCIOLOGICO aALOJAMIENTO aLAPEÑA JIMENEZ, María Jesús